[Event "VIE-ch U09"]
[Site "Ho Chi Minh City"]
[Date "2014.07.13"]
[Round "2"]
[White "Le, Minh Duc"]
[Black "Tran, Son Lam"]
[Result "1-0"]
[WhiteElo "1576"]
[BlackElo "1493"]
[PlyCount "43"]
[EventDate "2014.07.13"]
[EventType "swiss"]
[EventRounds "9"]
[EventCountry "VIE"]
[SourceTitle "EXT 2016"]
[Source "ChessBase"]
[SourceDate "2015.10.08"]
[SourceVersion "1"]
[SourceVersionDate "2015.10.08"]
[SourceQuality "1"]

1. e4 e5 2. Nf3 Nc6 3. Bb5 Nf6 4. d3 a6 5. Bxc6 dxc6 6. Nxe5 Bb4+ 7. c3 Bd6 8. Nf3 Bg4 9. h3 Bh5 10. Nbd2 0-0 11. 0-0 h6 12. Qc2 Re8 13. Re1 Bxf3 14. Nxf3 Nh5 15. e5 Be7 16. d4 f6 17. g4 Nf4 18. Bxf4 fxe5 19. Nxe5 Bh4 20. Qg6 Kh8 21. Nf7+ Kg8 22. Nxd8 1-0